000 00468nam a2200145Ia 4500
008 230917s9999||||xx |||||||||||||| ||und||
040 _e172706
_aMAIN
041 _aEnglish
082 _a891.431721 VC816B
100 _aविराट, चन्द्रसेन
245 0 _aभीतर की नागफनी
260 _aनई दिल्ली
_bनेशनल पब्लिशिंग हाउस
_c1977
300 _a92 पृ. p.
942 _cHN
999 _c158130
_d158130